Erfolgreichste Filme der 2000er A-Z - Statistiken

Allgemein
  • Dieses Quiz wurde 185 mal gespielt
  • Das Durchschnittsergebnis liegt bei 13 aus 26
Antwortstatistiken
# Zuschauer Beschreibung Antwort % Korrekt
H 12.657.650 Ein Waisenjunge erfährt, dass er ein Zauberer ist Harry Potter und der Stein der Weisen
87%
A 11.692.617 Nach Erlangung eines neuen Körpers wird ein Mensch zum Anführer des Alien-Widerstands Avatar
81%
F 8.679.400 Ein Fischvater sucht seinen entführten Sohn Findet Nemo
81%
I 8.747.671 Eine Gruppe Steinzeittiere muss einer drohenden Flut entkommen Ice Age 2
78%
M 6.718.524 New Yorker Zootiere landen auf einer afrikanischen Insel Madagascar
77%
J 5.461.490 Britischer Agent muss ein Pokerspiel gegen einen vernarbten Albaner gewinnen James Bond 007: Casino Royale
75%
L 3.096.937 Junger Mönch will mithilfe von 95 Thesen die Kirche reformieren Luther
74%
R 6.114.249 Jeder kann kochen, selbst Nagetiere Ratatouille
72%
D 5.662.856 Hinter den Gemälden eines italienischen Malers verstecken sich Hinweise auf eine vatikanische Verschwörung The Da Vinci Code – Sakrileg
71%
P 5.596.205 Auf der Suche nach dem perfekten Geruch mordet ein Mann sich durch Frankreich Das Parfum
68%
O 4.429.071 Für einen Casinoraub versammelt ein Ex-Sträfling 10 Spezialisten um sich Ocean's Eleven
61%
C 4.950.894 Ein Mann hat nichts als einen Volleyball, der ihm auf einer einsamen Insel Gesellschaft leistet Cast Away – Verschollen
60%
S 11.721.183 Zwei Blutsbrüder gehen auf eine humorvolle Schatzsuche im Wilden Westen Der Schuh des Manitu
55%
Q 547.771 Die Reaktion von Elisabeth II. auf den Tod von Prinzessin Diana führt zu großen Unmut Die Queen
55%
X 2.368.676 Die Entführung eines Senators führt zu einer Krise zwischen Mutanten X-Men
52%
G 6.584.314 Zwei Geschwister gaukeln ihrer Mutter die DDR vor Good Bye, Lenin!
42%
T 9.165.932 Zwei schwule Astronauten retten durch eine Zeitreise die Welt (T)Raumschiff Surprise – Periode 1
37%
W 6.485.251 Ein Mann kann die Gedanken aller Frauen lesen Was Frauen wollen
33%
U 4.624.506 Eine Schilderung der letzten Kriegstage im Führerbunker Der Untergang
29%
B 4.290.812 30-jährige Single-Frau führt ein Tagebuch über ihren Versuch, einen Partner zu finden Bridget Jones – Schokolade zum Frühstück
27%
N 3.735.216 Nachdem sie von ihrem Vampir-Freund verlassen wurde, findet eine Teenagerin Trost bei einem Werwolf New Moon – Biss zur Mittagsstunde
27%
V 2.325.216 Vampirjäger trifft in Transsilvanien auf Dracula und Frankensteins Monster Van Helsing
27%
K 6.297.816 Ex-Knacki verliebt sich während seiner Sozialstunden im Kindergarten Keinohrhasen
25%
Y 278.827 Um die Welt zu retten, muss ein Schüler ein Kartenspiel gegen eine ägyptische Gottheit gewinnen Yu-Gi-Oh! Der Film
20%
E 2.780.432 Anwaltsgehilfin deckt einen riesigen Trinkwasserverseuchungs-Skandal auf Erin Brockovich
18%
Z 4.255.103 Eine frühere Affäre stellt die Beziehung von zwei Kindergärtnern auf die Probe Zweiohrküken
13%
Keine übereinstimmenden Quizze gefunden
Verteilung der Resultate
Anzahl Personen mit jedem Resultat
Perzentil nach korrekt beantworteten Fragen
Ihre Resultats-Entwicklung
Sie haben dieses Quiz noch nicht gespielt